000 00319nam a22001337a 4500
003 OSt
005 20230608091633.0
008 220920b xxu||||| |||| 00| 0 eng d
040 _cIIMT UNIVERSITY, MEERUT
245 _aTEN BEST BOOKS
260 _aRDI PUB. PVT. LTD.
_bNEW YORK
_c1992
300 _a230
942 _2ddc
_c09
999 _c55607
_d55607